000 00301nam a22001337a 4500
008 181203b xxu||||| |||| 00| 0 eng d
020 _a9781599183626
041 _aeng
080 _a339.138
100 _a60
101 _amar
245 _aThe Marketing Plan Handbook
_cBly.R.W
942 _2udc
_cBK
999 _c52692
_d52692